Zarubežnaja periodičeskaja pečat' na russkom jazyke

Titel: Zarubežnaja periodičeskaja pečat' na russkom jazyke : ežekvartal'nyj referativnyj žurnal
Veröffentlicht: Berkeley, Calif. : Informatics & Prognostics, 1992-2003
Erscheinungsverlauf: 9.1989/90(1992/94); 10.1990/91(1994) - 11.1991/92(1994); 12.1992/93(1994/95); 13.1993/94(1995) - 21.2003; damit Ersch. eingest.
Format: Zeitschrift, Zeitung
Sprache: Englisch
Schlagworte:
Frühere/Spätere Titel: Vorg.: . Abstracts of Soviet and East European emigre periodical literature
ISSN: 1066-4858
Kein Bild verfügbar
X
Lokale Klassifikation: 41 3 D
alg: 4862241
001A    $06050:21-06-96 
001B    $01999:17-03-23 $t18:19:05.000 
001D    $06050:10-10-15 
001U    $0utf8 
001X    $00 
002@    $0Abvc 
002C    $aText $btxt $2rdacontent 
002D    $aohne Hilfsmittel zu benutzen $bn $2rdamedia 
002E    $aBand $bnc $2rdacarrier 
003@    $0048622419 
003O    $01367959473 $aOCoLC 
005A    $01066-4858 
006Z    $01142787-5 
007A    $01142787-5 $aZDB 
010@    $aeng 
011@    $a1992 $b2003 $n1992-2003 
013D    $RPresse $RFortlaufendes Sammelwerk $#Periodicals $#Yearbooks $#Périodiques $#Annuaires $#Publicaciones periódicas $#journals $#Periodical $#Periodicals as Topic $#Zeitschrift $#Zeitschrift $#Periodikum $#Zeitschriften $74067488-5 $8Zeitschrift [Tsz] $9085189774 
018@    $0u 
021A    $aZarubežnaja periodičeskaja pečat' na russkom jazyke $dežekvartal'nyj referativnyj žurnal 
031@    $a9.1989/90(1992/94); 10.1990/91(1994) - 11.1991/92(1994); 12.1992/93(1994/95); 13.1993/94(1995) - 21.2003; damit Ersch. eingest. 
031N    $0 $010 $01990/91 $d9 $j1989/90 $k1991/92 $k $k12 $k1992/93 $k $k13 $k1993/94 $k21 $k2003 $n11 
033A    $pBerkeley, Calif. $nInformatics & Prognostics 
039E    $aVorg. $bf $8--Abvc--. Abstracts of Soviet and East European emigre periodical literature $9047938250 
044K    $qZDB $RRussin $#Russians $#Russes $#Russen $#Russe $#Russkije $#Großrussen $74051034-7 $8Russen [Ts1] $9085142204 
044K    $qZDB $RZeitschrift $RExilpresse $#Exilzeitschriften $#Exil Zeitschrift $74153311-2 $8Exilzeitschrift [Ts1] $9085642975 
044K    $qZDB $#Artikel Zeitschrift $#Aufsatz Zeitschrift $#Zeitschriftenartikel $#Zeitschriftenaufsätze $#Zeitschriftenbeitrag $#Kalendertext $74125424-7 $8Zeitschriftenaufsatz [Ts1] $9085422657 
044K    $qZDB $RVerzeichnis $RInformationsmittel $RKatalog $RLiteraturbericht $RNeuerwerbungsliste $RBibliograf $RBibliografin $#Bibliography $#Bibliographie $#Bibliography, Critical $#Bibliographie critique $#Bibliographie $#Abstract Formschlagwort $#Bücherverzeichnis $#Literaturdokumentation Formschlagwort $#Literaturverzeichnis $#Publikationen Formschlagwort $#Repertorium Bibliografie $#Werke Formschlagwort $#Bibliografien $#Bibliographien $74006432-3 $8Bibliografie [Ts1] $9085009210 
045T    $a7,41 
045U    $e890 
046P    $a17.1997,1/2 als spec. vyp. bez.; d. Ersch.-Jahre erstrecken sich teils über zwei Jahre 

lok: 4862241 24
101B    $006-12-03 $t22:16:28.000 
145S/01 $a260 
145Z/01 $a41 3 D 
101U    $0utf8 

exp: 4862241 24 1 #EPN
201B/01 $014-02-03 $t12:45:31.000 
203@/01 $0086401092 
208@/01 $a07-10-98 $bp 
209A/01 $a41 III DZ 6/1 $f050 $h41 3 DZ 6 1 $x00 
209E/01 $a9.1992,1-4 $x02 
220C/01 $aR. - O//14.02.03 
231@/01 $d9 $j1992 
247C/01 $8358050-7 Marburg, Bibliothek des Herder-Instituts Marburg $9102600961 
201U/01 $0utf8
LEADER 00000cas a2200000 c 4500
001 048622419
003 DE-603
005 20230317181905.0
007 tu
008 960621d19922003xx u| p| 0 |1eng c
016 7 |2 DE-600  |a 1142787-5 
022 |a 1066-4858 
035 |a (DE-599)ZDB1142787-5 
035 |a (OCoLC)1367959473 
040 |a DE-603  |b ger  |c DE-603  |d DE-603 
041 |a eng 
084 |a 7,41  |2 ssgn 
084 |a 890  |q DE-600  |2 sdnb 
245 0 0 |a Zarubežnaja periodičeskaja pečat' na russkom jazyke  |b ežekvartal'nyj referativnyj žurnal 
264 3 1 |a Berkeley, Calif.  |b Informatics & Prognostics  |c 1992-2003 
336 |a Text  |b txt  |2 rdacontent 
337 |a ohne Hilfsmittel zu benutzen  |b n  |2 rdamedia 
338 |a Band  |b nc  |2 rdacarrier 
362 0 |a 9.1989/90(1992/94); 10.1990/91(1994) - 11.1991/92(1994); 12.1992/93(1994/95); 13.1993/94(1995) - 21.2003; damit Ersch. eingest. 
363 0 0 |8 1.1\x  |a 9  |i 1989/90 
363 0 0 |8 2.1\x  |a 10  |i 1990/91 
363 0 0 |8 3.1\x  |a 12  |i 1992/93 
363 0 0 |8 4.1\x  |a 13  |i 1993/94 
363 1 0 |8 2.2\x  |a 11  |i 1991/92 
363 1 0 |8 4.2\x  |a 21  |i 2003 
515 |a 17.1997,1/2 als spec. vyp. bez.; d. Ersch.-Jahre erstrecken sich teils über zwei Jahre 
650 7 |a Russen  |0 (DE-588)4051034-7  |0 (DE-603)085142204  |2 gnd 
650 7 |a Exilzeitschrift  |0 (DE-588)4153311-2  |0 (DE-603)085642975  |2 gnd 
650 7 |a Zeitschriftenaufsatz  |0 (DE-588)4125424-7  |0 (DE-603)085422657  |2 gnd 
650 7 |a Bibliografie  |0 (DE-588)4006432-3  |0 (DE-603)085009210  |2 gnd 
655 7 |a Zeitschrift  |2 gnd-content  |0 (DE-588)4067488-5  |0 (DE-603)085189774 
780 0 0 |i Vorg.  |t Abstracts of Soviet and East European emigre periodical literature  |w (DE-603)047938250  |w (DE-600)615017-2 
924 0 |9 Mb 50  |a (DE-603)086401092  |b DE-Mb50  |c HES  |d c  |g 41 III DZ 6/1  |m 9  |q 1992  |z 9.1992,1-4